MARC

LEADER 00000nam0a2200000 4500
001 373471
005 20231102012553.0
010 |a 5339000184 
020 |a RU  |b 88-78787 
035 |a (RuTPU)RU\TPU\retro\30901 
035 |a RU\TPU\book\270960 
090 |a 373471 
100 |a 20221216d1988 m y0rusy5003 ca 
101 0 |a rus 
102 |a BY 
105 |a a j 001zy 
200 1 |a Радиотехнические системы  |e учебное пособие для вузов  |f В. А. Чердынцев 
210 |a Минск  |c Вышэйшая школа  |d 1988 
215 |a 369 с.  |c ил. 
320 |a Библиогр.: с. 359. 
320 |a Предм. указ.: с. 360-366. 
606 1 |a Радиотехнические системы  |2 stltpush  |3 (RuTPU)RU\TPU\subj\23232  |9 47863 
610 1 |a радиотехника 
610 1 |a радиолокационные системы 
610 1 |a цифровые сигналы 
675 |a 621.37-021.66(075.8)  |z rus 
700 1 |a Чердынцев  |b В. А.  |g Валерий Аркадьевич 
801 0 |a RU  |b RuMRKP  |c 19950417  |g psbo 
801 1 |a RU  |b 63413507  |c 20140130 
801 2 |a RU  |b 63413507  |c 20221216  |g RCR 
942 |c BK